[Event "AUTO-ADV-132"]
[Site "http://www.queenalice.com/game.php?id=50921"]
[Date "2006.2.3"]
[Round "1"]
[White "quebrado2005"]
[Black "ivan_at"]
[Result "0-1"]
[WhiteElo "1429"]
[BlackElo "1433"]

1. d4 g6 2. h4 e6 3. e3 Nf6 4. f3 d6 5. b4 d5 6. Bb5+ Bd7 7. Qe2 a6 8. Bxd7+
Qxd7 9. Nc3 Nc6 10. a3 Bd6 11. g4 O-O-O 12. Bd2 Bg3+ 13. Kf1 h5 14. Rh3 Bd6 15.
b5 Na5 16. Na4 Nc4 17. bxa6 Qxa4 18. g5 Nd7 19. f4 Qxc2 20. Rc1 Nxd2+ 21. Kg2
Qxc1 22. Rh1 bxa6 23. Nf3 Qxa3 24. Nxd2 Nb6 25. Nb1 Qb4 26. Rc1 Rhf8 27. Qxa6+
Kd7 28. Nc3 Qb2+ 29. Ne2 Ra8 30. Qd3 Ra2 31. Kf3 Rfa8 32. Rb1 Qa3 33. Qb5+ Ke7
34. Ng1 Ra5 35. Qc6 Ra4 36. Rxb6 cxb6 37. Qb7+ Kf8 38. Qb8+ Kg7 39. Qd8 Rxd4 40.
Qf6+ Kf8 41. Qxd4 Qb2 42. Qxb2 Rxb2 43. Kg3 b5 44. Nh3 Re2 45. Kf3 Rh2 46. Ng1
b4 47. Kg3 Rc2 48. Nf3 Bc5 49. Ne5 Bxe3 50. Nd7+ Ke7 51. Ne5 b3 52. f5 exf5 53.
Nf3 Bf2+ 54. Kf4 b2 55. Nd4 Bxd4 0-1

[Event "AUTO-ADV-132"]
[Site "http://www.queenalice.com/game.php?id=50937"]
[Date "2006.2.3"]
[Round "1"]
[White "quebrado2005"]
[Black "hardcore"]
[Result "0-1"]
[WhiteElo "1434"]
[BlackElo "1611"]

1. d4 c6 2. e3 d5 3. Nc3 Nf6 4. Nf3 e6 5. a3 Bd6 6. Bd3 b5 7. b4 O-O 8. Ng5 h6
9. Nh3 e5 10. O-O e4 11. Be2 Bc7 12. g3 Bxh3 13. Re1 Qd7 14. f4 exf3 15. Bxf3 h5
16. e4 Bg4 17. Bg5 Re8 18. exd5 cxd5 19. h3 Bxg3 20. Bxg4 hxg4 21. Bxf6 Rxe1+
22. Kg2 Rxd1 23. Rxd1 Bf4 24. Re1 gxh3+ 25. Kf3 h2 26. Kxf4 gxf6 27. Rh1 Qh3 28.
Nxd5 Nc6 29. Nxf6+ Kg7 30. Ne4 Nxd4 31. Nf2 Qf3+ 32. Ke5 Qxf2 33. Rxh2 Qxh2+ 34.
Kxd4 Qd2+ 35. Kc5 Qxc2+ 36. Kxb5 Rb8+ 37. Ka6 Qa4# 0-1

[Event "AUTO-ADV-132"]
[Site "http://www.queenalice.com/game.php?id=50948"]
[Date "2006.2.3"]
[Round "1"]
[White "quebrado2005"]
[Black "sidra"]
[Result "0-1"]
[WhiteElo "1421"]
[BlackElo "1670"]

1. d4 d5 2. e3 Nf6 3. f3 g6 4. Ne2 Bg7 5. g4 O-O 6. Bg2 c6 7. c3 b5 8. Na3 a5 9.
g5 Nh5 10. Qb3 a4 11. Qc2 f6 12. c4 dxc4 13. O-O fxg5 14. b4 axb3 15. axb3 cxb3
16. Qxb3+ Kh8 17. e4 Nf4 18. Bxf4 gxf4 19. Nxf4 Bxd4+ 20. Kh1 Bxa1 21. Rxa1 Rxf4
22. Qb2+ Kg8 23. Qb3+ e6 24. h4 Rxh4+ 25. Kg1 Qd4+ 26. Kf1 Qxa1+ 27. Nb1 Ra3 28.
Qd1 Kf7 29. f4 Rxf4+ 30. Kg1 e5 31. Kh2 Rh4+ 32. Kg1 Rg3 33. Qf1+ Kg7 34. Kf2
Rf4+ 35. Kxg3 Rxf1 36. Bxf1 Qxb1 37. Bg2 Qe1+ 38. Kh2 b4 39. Bh1 b3 40. Bf3 b2
41. Bg2 Qh4+ 42. Kg1 b1=Q+ 43. Bf1 Qg3+ 44. Kh1 Qxf1# 0-1

[Event "AUTO-ADV-132"]
[Site "http://www.queenalice.com/game.php?id=50949"]
[Date "2006.2.3"]
[Round "1"]
[White "sidra"]
[Black "quebrado2005"]
[Result "0-1"]
[WhiteElo "1682"]
[BlackElo "1400"]

1. d4 d5 2. Nf3 Bg4 3. g3 Bxf3 4. exf3 Qd6 5. Bg2 Qe6+ 6. Be3 f5 7. O-O Nd7 8.
f4 Ngf6 9. c3 Ng4 10. Re1 Qh6 11. h3 Ndf6 12. f3 Nxe3 13. Rxe3 O-O-O 14. b4 e6
15. Rxe6 b6 16. a4 Bd6 17. Re2 Rhe8 18. Raa2 g5 19. fxg5 Qxg5 20. Rxe8 Rxe8 21.
g4 Qe3+ 22. Kf1 Bh2 23. Rf2 Bg3 24. Re2 Qf4 25. gxf5 Bh2 26. Rxe8+ Nxe8 27. Qe1
Nd6 28. Qe6+ Kb8 29. Qe1 Bg3 30. Qd1 Nc4 31. Ke2 Qe3+ 32. Kf1 Qf2# 0-1

[Event "AUTO-OPEN-215"]
[Site "http://www.queenalice.com/game.php?id=51047"]
[Date "2006.2.4"]
[Round "1"]
[White "aarongale"]
[Black "quebrado2005"]
[Result "1-0"]
[WhiteElo "1688"]
[BlackElo "1427"]

1. e4 e5 2. Nf3 f6 3. c3 g5 4. Nxg5 fxg5 5. Qh5+ Ke7 6. Qxg5+ Nf6 7. Qxe5+ Kf7
8. Bc4+ d5 9. Bxd5+ Nxd5 10. Qxh8 Nf4 11. Qxh7+ Bg7 12. g3 Nd3+ 13. Kd1 Bg4+ 14.
Kc2 Nxf2 15. d4 Nxh1 16. Bh6 Qf8 17. Nd2 Nd7 18. Rf1+ Nf6 19. e5 Qg8 20. Rxf6+
Ke7 21. Qxg8 Rxg8 22. Bxg7 Rxg7 23. Rf1 Nxg3 24. hxg3 Be2 25. Rg1 b5 26. Rg2 Bc4
27. b3 Bd5 28. Rg1 Rh7 29. c4 bxc4 30. bxc4 Bc6 31. d5 Ba4+ 32. Kc3 Rh2 33. g4
Rh3+ 34. Kb4 Bc2 35. Kb5 Ra3 36. Kc6 Rxa2 37. d6+ cxd6 38. exd6+ Kd8 39. Kc5 a5
40. Kb5 a4 41. g5 Bg6 42. Rd1 Be8+ 43. Kb4 Rb2+ 44. Ka3 Rb6 45. c5 Ra6 46. Nc4
Bh5 47. Rg1 Bf7 48. Nb6 Be8 49. Rg4 Ra5 50. d7 Bh5 51. Rf4 Rxc5 52. Rf8+ Kc7 53.
d8=Q+ Kc6 54. Rf6+ Kb5 55. Qd7+ Ka5 56. Qxa4# 1-0

[Event "AUTO-OPEN-215"]
[Site "http://www.queenalice.com/game.php?id=51048"]
[Date "2006.2.4"]
[Round "1"]
[White "quebrado2005"]
[Black "aarongale"]
[Result "0-1"]
[WhiteElo "1424"]
[BlackElo "1412"]

1. e4 e5 2. f3 g6 3. Bb5 a6 4. Ba4 b5 5. Bb3 f5 6. d3 f4 7. Nh3 Qh4+ 8. Kf1 Bc5
9. a3 d5 10. exd5 Bxh3 11. gxh3 Qf2# 0-1

[Event "AUTO-OPEN-215"]
[Site "http://www.queenalice.com/game.php?id=51067"]
[Date "2006.2.4"]
[Round "1"]
[White "Stebbi"]
[Black "quebrado2005"]
[Result "0-1"]
[WhiteElo "1133"]
[BlackElo "1415"]

1. e4 e5 2. Nf3 d6 3. Nc3 f5 4. d3 g5 5. Nxg5 h6 6. Qh5+ Kd7 7. Qf7+ Ne7 8. Qe6+
Kc6 9. Qc4+ Kd7 10. Qe6+ Kc6 11. Qc4+ Kd7 12. Nf7 d5 13. Nxe5+ Ke6 14. exf5+
Kxf5 15. Qg4+ Kf6 16. Qf4+ Nf5 17. g4 Qe8 18. gxf5 Qxe5+ 19. Qxe5+ Kxe5 20. f4+
Kxf5 21. Bh3+ Kg6 22. Nxd5 Bxh3 23. Nxc7 Bb4+ 24. Bd2 Nc6 25. Nxa8 Re8+ 26. Kd1
Rxa8 27. Rg1+ Kf5 28. Rg7 Bg4+ 29. Ke1 Re8+ 30. Kf2 Re2+ 31. Kg3 Bxd2 32. Rd1
Re3+ 33. Kf2 Bxd1 34. Rf7+ Ke6 0-1

[Event "AUTO-OPEN-215"]
[Site "http://www.queenalice.com/game.php?id=51068"]
[Date "2006.2.4"]
[Round "1"]
[White "quebrado2005"]
[Black "Stebbi"]
[Result "1-0"]
[WhiteElo "1420"]
[BlackElo "1128"]

1. d4 d5 2. e3 Nf6 3. f3 Nc6 4. a3 e6 5. g4 e5 6. Bb5 Bd7 7. Qd3 a6 8. Bxc6 Bxc6
9. dxe5 Bb5 10. Qf5 Bc5 11. exf6 gxf6 12. Nh3 Qd7 13. Qxf6 Rf8 14. Nc3 Be7 15.
Qe5 O-O-O 16. Nxd5 Qxd5 17. Qf5+ Kb8 18. Kf2 Bh4+ 19. Kg2 Bc6 20. Rf1 h5 21. Nf4
Qxf5 22. gxf5 Bb5 23. Rg1 Bg5 24. Nxh5 Rh8 25. Ng3 Bc6 26. a4 Rhe8 27. e4 Bxc1
28. Rgxc1 Rd2+ 29. Kg1 Red8 30. b4 Be8 31. Nf1 R2d4 32. c3 R4d6 33. Ne3 Rd3 34.
Nc4 Rxf3 35. Ne5 Rf4 36. Re1 Rg4+ 37. Nxg4 1-0

[Event "AUTO-OPEN-215"]
[Site "http://www.queenalice.com/game.php?id=51079"]
[Date "2006.2.4"]
[Round "1"]
[White "quebrado2005"]
[Black "alanski27"]
[Result "1-0"]
[WhiteElo "1424"]
[BlackElo "1280"]

1. d4 d6 2. Bg5 f6 3. Bh4 e5 4. Nf3 Nc6 5. dxe5 dxe5 6. e4 Qxd1+ 7. Kxd1 Bg4 8.
Nd2 O-O-O 9. Be2 Nh6 10. Ne1 Bc5 11. f3 Be6 12. Nd3 Bd4 13. Rb1 Na5 14. b4 Nc4
15. Ne1 Nb2+ 16. Kc1 1-0

[Event "AUTO-OPEN-215"]
[Site "http://www.queenalice.com/game.php?id=51080"]
[Date "2006.2.4"]
[Round "1"]
[White "alanski27"]
[Black "quebrado2005"]
[Result "0-1"]
[WhiteElo "1291"]
[BlackElo "1413"]

1. e4 e5 2. d4 Bb4+ 3. c3 Ba5 4. Be3 g5 5. Qg4 h6 6. Bc4 d5 7. Bb5+ c6 8. Bd3
Bxg4 9. f3 dxe4 10. Bxe4 f5 11. Bd3 e4 12. fxe4 f4 13. Bd2 Nf6 14. h3 c5 15. Ne2
Bh5 16. Na3 cxd4 0-1

[Event "Challenge"]
[Site "http://www.queenalice.com/game.php?id=51622"]
[Date "2006.2.8"]
[Round "-"]
[White "quebrado2005"]
[Black "Marcelo_Araujo"]
[Result "1/2-1/2"]
[WhiteElo "1424"]
[BlackElo "1538"]

1. e4 c5 2. Bb5 a6 3. Ba4 b5 4. Bb3 c4 5. Qf3 cxb3 6. axb3 e5 7. d3 Nf6 8. Bg5
Be7 9. Nc3 O-O 10. Nh3 h6 11. Bh4 g5 12. Qg3 Kh7 13. Bxg5 hxg5 14. Nxg5+ Kh6 15.
Qh4+ Kg6 16. Nd5 Rh8 17. Qg3 Nxd5 18. exd5 Bxg5 19. h4 Bb7 20. d4 exd4 21. Qd3+
Kg7 22. Qg3 Kf8 23. Ke2 Bh6 24. Qd6+ Qe7+ 25. Qxe7+ Kxe7 26. Rae1 Bxd5 27. Kd3+
Kd6 28. Kxd4 Nc6+ 29. Kd3 Bxg2 30. Rh2 Bd5 31. c4 Ne5+ 32. Kc3 Nf3 33. Rd1 bxc4
34. Rh3 Kc5 35. bxc4 Bxc4 36. Rxf3 Be2 37. Rf5+ Kc6 38. Re1 Bg4 39. Rf6+ Kc7 40.
Rxf7 Raf8 41. Rfe7 Rxf2 42. R1e4 Rf3+ 43. Kb4 Be6 44. R4xe6 Bc1 45. b3 Rf4+ 46.
Ka5 Rfxh4 47. Kxa6 Rb4 48. Ka5 Rxb3 49. Ra6 Rh5+ 50. Ka4 Bg5 51. Ra7+ Kd6 52.
Rexd7+ Ke6 53. Kxb3 Rh3+ 54. Kc4 Rh4+ 55. Kc5 Be3+ 56. Kb5 Bxa7 57. Rxa7 Rh5+
58. Kc4 Rd5 59. Ra6+ Ke5 60. Rh6 Rd4+ 61. Kc3 Rd8 62. Rh5+ Kf4 63. Ra5 Rd6 64.
Ra4+ Ke3 65. Rc4 Rd3+ 66. Kc2 Rd2+ 67. Kc1 Kd3 68. Rc6 Rh2 69. Rd6+ Kc3 70. Rc6+
Kd3 71. Rd6+ Kc3 1/2-1/2

[Event "Challenge"]
[Site "http://www.queenalice.com/game.php?id=68372"]
[Date "2006.5.11"]
[Round "-"]
[White "quebrado2005"]
[Black "amazingmagic"]
[Result "1-0"]
[WhiteElo "1446"]
[BlackElo "1156"]

1. c4 d5 2. e3 Nf6 3. f4 Bg4 4. Qa4+ Qd7 5. Qb4 b6 6. h3 e6 7. Qc3 Ne4 8. Qb3
Nc5 9. Qc3 Bf5 10. d3 dxc4 11. Qxc4 Nxd3+ 12. Bxd3 Bxd3 13. Qc3 Qc6 14. Qxd3
Qxg2 15. Qf1 Qxh1 16. Nf3 Bb4+ 17. Bd2 Qxf1+ 18. Kxf1 Bxd2 19. Nbxd2 Na6 20. Rc1
O-O-O 21. Ne5 Rxd2 22. Nxf7 Rf8 23. Ne5 Nb4 24. Rc4 Nxa2 25. Nc6 Kb7 26. Ke1
Rxb2 27. Ne5 Nb4 28. Kd1 Rb1+ 29. Kd2 Rf5 30. Kc3 b5 31. Rxb4 Rxb4 32. Kxb4 Rxe5
33. fxe5 Kb6 34. h4 g5 35. hxg5 c5+ 36. Kb3 Ka5 37. Kc3 b4+ 38. Kb2 c4 39. e4
Ka4 40. Kc2 Ka3 41. Kb1 b3 42. g6 hxg6 43. Kc1 g5 44. Kb1 g4 45. Kc1 g3 46. Kd2
g2 47. Kc3 g1=Q 48. Kd2 1-0

[Event "Challenge"]
[Site "http://www.queenalice.com/game.php?id=70413"]
[Date "2006.5.21"]
[Round "-"]
[White "vania"]
[Black "quebrado2005"]
[Result "1-0"]
[WhiteElo "1097"]
[BlackElo "1425"]

1. Nc3 c6 2. Nf3 Na6 3. e4 b5 4. a4 b4 5. Na2 c5 6. d4 Qa5 7. dxc5 b3+ 8. Nc3
Bb7 9. cxb3 Bxe4 10. Bb5 Nb4 11. Qxd7# 1-0

[Event "somos brasileiros"]
[Site "http://www.queenalice.com/game.php?id=74288"]
[Date "2006.6.4"]
[Round "-"]
[White "quebrado2005"]
[Black "Xadrezbr"]
[Result "0-1"]
[WhiteElo "1425"]
[BlackElo "1930"]

1. Nf3 Nf6 2. d4 e6 3. Bg5 d5 4. Ne5 Nbd7 5. e3 c5 6. Bb5 Qa5+ 7. Qd2 Qxb5 8. a4
Qxb2 9. O-O Ne4 10. Qa5 f6 11. Na3 fxe5 12. Rfb1 b6 13. Qe1 Qc3 0-1

[Event "16"]
[Site "http://www.queenalice.com/game.php?id=78237"]
[Date "2006.6.19"]
[Round "-"]
[White "quebrado2005"]
[Black "Jsouza"]
[Result "1-0"]
[WhiteElo "1423"]
[BlackElo "1604"]

1. Nf3 d5 2. e3 e6 3. Ne5 Nf6 4. Be2 Bd6 5. Nf3 Nc6 6. c3 Bd7 7. a4 h6 8. Nd4
O-O 9. f4 e5 10. Nxc6 Bxc6 11. fxe5 Bxe5 12. O-O Qd6 13. b3 Ne4 14. d3 Nxc3 15.
Nxc3 Bxc3 16. Rb1 Qg6 17. g3 Rad8 18. Bh5 Qd6 19. Rf2 f5 20. Bd2 Be5 21. d4 1-0

[Event "mais uma vez"]
[Site "http://www.queenalice.com/game.php?id=83399"]
[Date "2006.7.7"]
[Round "-"]
[White "quebrado2005"]
[Black "vania"]
[Result "0-1"]
[WhiteElo "1450"]
[BlackElo "1212"]

1. e4 Nf6 2. Qe2 h5 3. d3 Nc6 4. Bg5 Nd4 5. Qd2 h4 6. Bxf6 gxf6 7. c3 Bh6 8. Qd1
d6 9. cxd4 c5 10. dxc5 Qa5+ 11. Nc3 Qxc5 12. Na4 Qb4+ 13. Nc3 Qxb2 14. Na4 Qb4+
15. Ke2 Bd7 16. Rb1 Bxa4 17. Qe1 Qc5 18. Qa5 Qxa5 19. Nf3 Bc2 20. Rb2 Rc8 21. g4
Qc3 22. Rxb7 Qxd3+ 23. Ke1 Qd1# 0-1

[Event "adoro jogar"]
[Site "http://www.queenalice.com/game.php?id=108501"]
[Date "2006.9.21"]
[Round "-"]
[White "quebrado2005"]
[Black "vania"]
[Result "0-1"]
[WhiteElo "1450"]
[BlackElo "1204"]

1. e4 Nf6 2. d3 e5 3. Bg5 h6 4. Bxf6 Qxf6 5. c4 Bb4+ 6. Ke2 Qd6 7. a3 Ba5 8. b4
Bb6 9. Nf3 Nc6 10. Nc3 Nd4+ 11. Nxd4 Qxd4 12. Qd2 d6 13. f3 a5 14. b5 a4 15. g4
Qf2+ 16. Kd1 Qxf3+ 17. Kc2 Qxh1 18. Re1 Bxg4 19. Bg2 Qxh2 20. Rh1 Qg3 21. Nd5
Ba5 22. Nxc7+ Bxc7 23. Kc3 Ba5+ 24. Kc2 Bxd2 25. Kxd2 Qxg2+ 0-1

[Event "Challenge"]
[Site "http://www.queenalice.com/game.php?id=208133"]
[Date "2007.5.8"]
[Round "-"]
[White "quebrado2005"]
[Black "paulouk"]
[Result "0-1"]
[WhiteElo "1424"]
[BlackElo "1534"]

1. Nf3 d5 2. Nc3 d4 3. Ne4 Nc6 4. d3 e5 5. Bg5 f6 6. Bh4 Nh6 7. c4 g5 8. Bg3 f5
9. Ned2 f4 10. Bh4 gxh4 11. Ne4 Bb4+ 12. Nfd2 Bg4 0-1